|
|
|
|
| LEADER |
00000nab a2200000 a 4500 |
| 001 |
vtls008934415 |
| 003 |
SK-MaSNL |
| 005 |
20260303070608.0 |
| 008 |
131021c2006 xo mr|p|||||||000 b|slo |
| 015 |
|
|
|a SNBRB2007/01
|2 snkbucl
|
| 038 |
|
|
|a SNKBUCL
|
| 040 |
|
|
|a SNKBUCL
|b slo
|c SNKBUCL
|e AACR2
|
| 041 |
0 |
|
|a slo
|
| 044 |
|
|
|a xo
|c SK
|
| 080 |
|
|
|a 82.09:821.162.4-31
|x (048)
|2 1997
|
| 080 |
|
|
|a 821.162.4-31
|x (048)
|2 1997
|
| 100 |
1 |
|
|a Svetoň, Ľuboš,
|d 1962-
|4 aut
|9 103945
|
| 245 |
1 |
0 |
|a Ňiko na džanel
|c Ľuboš Svetoň
|
| 650 |
0 |
7 |
|a spoločenské romány, slovenské
|x recenzie
|2 snkbucl
|9 872816
|
| 655 |
|
7 |
|a recenzie
|2 snkbucl
|9 21907
|
| 773 |
0 |
|
|t Slovenské pohľady
|g Roč. IV.+122., č. 12 (2006), s. 111-112
|x 1335-7786
|
| 787 |
0 |
8 |
|i Rec.:
|a Rákay, Anton, 1925-
|t Dlhá cesta
|d Bratislava : Vydavateľstvo Spolku slovenských spisovateľov, 2005
|z 8080612064
|
| 852 |
|
|
|a SNK
|b KIS3GCP
|
| 958 |
|
|
|a LX
|
| 958 |
|
|
|a SK
|
| 958 |
|
|
|a RC
|
| 999 |
|
|
|c 1756057
|d 1757987
|